书目信息 |
| 题名: |
中国重要有毒有害植物名录
|
|
| 作者: | 赵宝玉 主编 | |
| 分册: | ||
| 出版信息: | 北京 中国农业科学技术出版社 2015.80 |
|
| 页数: | 300 | |
| 开本: | 26cm | |
| 丛书名: | ||
| 单 册: | ||
| 中图分类: | S45-62 | |
| 科图分类: | ||
| 主题词: | 有害植物--防治 , 有害植物 | |
| 电子资源: | ||
| ISBN: | ||
| 000 | 00582nam0 2200181 450 | |
| 001 | 1735965424 | |
| 005 | 20170410095925.42 | |
| 100 | @a20170410d km y0chiy0120 ea | |
| 101 | 0 | @achi |
| 200 | 1 | @a中国重要有毒有害植物名录@Azhong guo zhong yao you du you hai zhi wu ming lu@f赵宝玉主编@Fzhao bao yu zhu bian |
| 210 | @a北京@c中国农业科学技术出版社@d2015.80 | |
| 215 | @a300@d26cm | |
| 606 | 0 | @a有害植物@x防治 |
| 606 | 0 | @a有害植物 |
| 690 | @aS45-62@v4 | |
| 701 | 0 | @a赵宝玉@Azhao bao yu@4主编 |
| 801 | 0 | @aCN@b大连网信软件有限公司图书馆·11@c20170410 |
| 905 | @b6604738@dS45-62@en1@f1 | |
| 中国重要有毒有害植物名录/赵宝玉主编.-北京:中国农业科学技术出版社,2015.80 |
| 300;26cm |
| ISBN : |
| ● |
| 相关链接 |
|
|
|
|
正题名:中国重要有毒有害植物名录
索取号:S45-62/n1
 
预约/预借
| 序号 | 登录号 | 条形码 | 馆藏地/架位号 | 状态 | 备注 |
| 1 | 6604738 | 266047388 | 密集书库-生命科学系/ [索取号:S45-62/n1] | 在馆 |